=LDR 00000nam 2200000 4500 =001 INLIS000000000034518 =005 20130612140425 =008 ***********************************ind** =035 ##$$0010-061300000034518 =041 ##$$a ind =082 ##$$a 372.3 =090 ##$$a 372.3, Gou t =100 ##$$a Goulding, Sylvia =245 ##$$a Tubuhku terawat dan kuat/oleh Sylvia Goulding =260 ##$$a 2008 $b Bandung =300 ##$$a 32 hlm., Ilus., 21 cm =650 ##$$a Pendidikan Dasar - Sains =850 ##$$a NBPNMAT